| 000 | 00875cam a22002775a 4500 | ||
|---|---|---|---|
| 001 | 17649742 | ||
| 003 | NUST | ||
| 005 | 20220801123114.0 | ||
| 008 | 130306s2013 ilu 000 0 eng | ||
| 010 | _a 2013934652 | ||
| 020 | _a0071796223 | ||
| 038 | _aAzhar | ||
| 040 |
_aDLC _cDLC _dDLC |
||
| 042 | _apcc | ||
| 082 |
_a428.0076 _bCOL |
||
| 100 | 1 |
_aCollins, Tim _q(Timothy G.) _996031 |
|
| 245 | 1 | 0 |
_aMcgraw-Hill's TOEFL iBT _cTim Collins. |
| 260 |
_aChicago, IL : _bMcGraw-Hill Education, _c2014 |
||
| 263 | _a1312 | ||
| 300 | _a744p | ||
| 856 | 4 | 2 |
_3Contributor biographical information _uhttp://www.loc.gov/catdir/enhancements/fy1307/2013934652-b.html |
| 856 | 4 | 2 |
_3Publisher description _uhttp://www.loc.gov/catdir/enhancements/fy1307/2013934652-d.html |
| 906 |
_a0 _bibc _corignew _d2 _eepcn _f20 _gy-gencatlg |
||
| 942 |
_2ddc _cLC |
||
| 999 |
_c590728 _d590728 |
||